Musíte mať na to povahu, inak nevydržíte
Situácia a očakávania absolventov vysokých škôl technického smeru. Popis a zvládnutie funkcie manažovanie stavby. Úlohy stavbyvedúceho. Problémy na začiatku výstavby. Postupné osvojenie nových vedomostí z praxe a dosiahnutie vyššej pozície.
Saved in:
| Main Author: | |
|---|---|
| Format: | Book Chapter |
| Language: | Slovak |
| Subjects: | |
| Tags: |
No Tags, Be the first to tag this record!
|
MARC
| LEADER | 00000naa$a2200000$$$4500 | ||
|---|---|---|---|
| 001 | 0059740 | ||
| 005 | 20231009072037.2 | ||
| 041 | 0 | |a slo | |
| 044 | |a SK | ||
| 245 | 1 | 0 | |a Musíte mať na to povahu, inak nevydržíte |c Ivan Polakovič |
| 520 | |a Situácia a očakávania absolventov vysokých škôl technického smeru. Popis a zvládnutie funkcie manažovanie stavby. Úlohy stavbyvedúceho. Problémy na začiatku výstavby. Postupné osvojenie nových vedomostí z praxe a dosiahnutie vyššej pozície. | ||
| 610 | 2 | 0 | |a absolventi |
| 610 | 2 | 0 | |a školy vysoké odborné |
| 610 | 2 | 0 | |a prax odborná |
| 610 | 2 | 0 | |a miesta pracovné |
| 610 | 2 | 0 | |a podnik stavebný |
| 100 | 1 | |a Polakovič, Ivan | |